000 00363nam a2200133Ia 4500
008 151021s9999 xx 000 0 und d
020 _a8123906544
050 _aTX9111.H28 2008
245 _a_Front Office Management in Hotel
260 _aNew Delhi CBS 2008
300 _avi,159p.
650 _a_Front Office Management
980 _a^d20110120 10:43:29^oanne
999 _c6257
_d6257